000 01202nam a2200337 i 4500
001 000016166
003 DO-SdBNP
005 20250722115428.0
007 ta
008 250722s2012 dr r 000 0 spa d
040 _aDO-SdBNP
_bspa
_cBNPHU
_erda
041 _asp
082 _a519.53
_bC933e, 2012
_222
100 1 _aCristo Nova, José Antonio
_eautor
_936182
245 1 0 _aEstadística descriptiva :
_bmanual de práctica /
_cJosé Antonio Cristo Nova, Fidel Simón Luna Martínez, Abrahán Amauri Moreta Pérez.
250 _aQuinta edición
264 _aSanto Domingo :
_bImprenta Dahíana,
_c2012
300 _a113 páginas ;
_c28 cm.
336 _ardacontent
_btexto
_2txt
337 _ardamedia
_bsin mediación
_2n
338 _ardacarrier
_bvolumen
_2nc
590 _aInventariado, 2025/DG
650 0 _aEstadística matemática
_xProblemas, ejercicios, etc.
_920984
650 0 _aEstadística matemática
_xEstudio y enseñanza
_920984
650 4 _aVariables estadística
_919736
700 1 _aLuna martínez, Fidel Simón
_936183
700 1 _aMoreta Pérez, Abrahán Amauri
_936184
710 2 _aUniversidad Católica Santo Domingo
_91478
910 _aDG
942 _2ddc
_cLBS1
999 _c59608
_d59608